000 00970nam a22002777a 4500
003 dpl
005 20180830143424.0
008 180830b xxu||||| |||| 00| 0 eng d
010 _aA-967966
020 _c00.00
035 _aA-967966, A-967993
037 _bCen Lib/Ret
040 _aDPL
_bHN
_c0
082 _a
_bनागर
100 _aनागर, अमृतलाल
_959381
245 _aबिखरे तिनके /
_cअमृतलाल नागर
246 _aBikhre tinke /
_bby Amritlal Nagar
260 _aदिल्ली
_bराजपाल
270 _bदिल्ली
300 _a104पृ.
_c21मी(सजिल्द)
650 _aहिन्दी साहित्य
_959382
650 _aहिन्दी साहित्य -- उपन्यास
_946379
650 _aHindi literature
_959383
650 _aHindi literature -- Fiction
_959384
942 _2ddc
_cHN
_h
_mनागर
999 _c114995
_d114995